[Event "Ceske Budejovice op-B"]
[Site "Ceske Budejovice"]
[Date "2023.07.02"]
[Round "2"]
[White "Loucky, Tomas"]
[Black "Slajs, Vlastimil"]
[Result "1/2-1/2"]
[WhiteElo "1501"]
[BlackElo "1662"]
[PlyCount "49"]
[EventDate "2023.07.01"]
[EventType "swiss"]
[EventRounds "9"]
[EventCountry "CZE"]
[SourceTitle "EXT 2024"]
[Source "ChessBase"]
[SourceDate "2023.10.10"]
[SourceVersion "1"]
[SourceVersionDate "2023.10.10"]
[SourceQuality "1"]

1. e4 e5 2. Nf3 Nc6 3. Nc3 Nf6 4. d4 exd4 5. Nxd4 Bb4 6. Nxc6 Bxc3+ 7. bxc3 bxc6 8. Qf3 0-0 9. Bg5 Re8 10. 0-0-0 d6 11. Bxf6 Qxf6 12. Qxf6 gxf6 13. Rd4 c5 14. Bb5 cxd4 15. Bxe8 dxc3 16. Ba4 a5 17. Rd1 Be6 18. Bb3 a4 19. Bxe6 fxe6 20. Rd3 Kf7 21. Rxc3 c5 22. Kb2 Rb8+ 23. Ka3 Rb4 24. Rh3 Kg6 25. Rg3+ 1/2-1/2

[Event "Ceske Budejovice op-B"]
[Site "Ceske Budejovice"]
[Date "2022.07.09"]
[Round "9"]
[White "Slajs, Vlastimil"]
[Black "Kral, Ladislav"]
[Result "1/2-1/2"]
[WhiteElo "1726"]
[BlackElo "1408"]
[PlyCount "25"]
[EventDate "2022.07.01"]
[EventType "swiss"]
[EventRounds "9"]
[EventCountry "CZE"]
[SourceTitle "EXT 2023"]
[Source "ChessBase"]
[SourceDate "2022.10.05"]
[SourceVersion "1"]
[SourceVersionDate "2022.10.05"]
[SourceQuality "1"]

1. d4 d5 2. Nf3 Nf6 3. Bf4 Bf5 4. e3 e6 5. Be2 Be7 6. h3 h6 7. 0-0 0-0 8. c4 dxc4 9. Bxc4 Nbd7 10. Nc3 Nb6 11. Be2 a6 12. Rc1 Bd6 13. Bxd6 1/2-1/2

[Event "Ceske Budejovice op-B"]
[Site "Ceske Budejovice"]
[Date "2022.07.08"]
[Round "8"]
[White "Nour, Saleh Jasim"]
[Black "Slajs, Vlastimil"]
[Result "1/2-1/2"]
[WhiteElo "1232"]
[BlackElo "1726"]
[PlyCount "36"]
[EventDate "2022.07.01"]
[EventType "swiss"]
[EventRounds "9"]
[EventCountry "CZE"]
[SourceTitle "EXT 2023"]
[Source "ChessBase"]
[SourceDate "2022.10.05"]
[SourceVersion "1"]
[SourceVersionDate "2022.10.05"]
[SourceQuality "1"]

1. e4 d6 2. d3 e5 3. Nc3 Nf6 4. g3 Be7 5. Bg2 Nc6 6. Nge2 Bg4 7. h3 Bh5 8. 0-0 0-0 9. g4 Bg6 10. f4 exf4 11. Nxf4 h6 12. Be3 Bh7 13. Qd2 Ne5 14. Qf2 Nfd7 15. Nfd5 Bh4 16. Qd2 c6 17. Nf4 a5 18. a4 Bg5 1/2-1/2

[Event "Ceske Budejovice op-B"]
[Site "Ceske Budejovice"]
[Date "2022.07.07"]
[Round "7"]
[White "Kirchner, Michal"]
[Black "Slajs, Vlastimil"]
[Result "1-0"]
[WhiteElo "1581"]
[BlackElo "1726"]
[PlyCount "81"]
[EventDate "2022.07.01"]
[EventType "swiss"]
[EventRounds "9"]
[EventCountry "CZE"]
[SourceTitle "EXT 2023"]
[Source "ChessBase"]
[SourceDate "2022.10.05"]
[SourceVersion "1"]
[SourceVersionDate "2022.10.05"]
[SourceQuality "1"]

1. d4 c5 2. d5 e5 3. e4 d6 4. Nc3 Be7 5. Bb5+ Nd7 6. Nge2 a6 7. Bxd7+ Bxd7 8. a4 Bg5 9. Ng3 Bxc1 10. Qxc1 h6 11. 0-0 Ne7 12. f4 0-0 13. f5 f6 14. Qd1 b5 15. Qg4 b4 16. Nd1 Be8 17. Ne3 a5 18. Nc4 Nc8 19. b3 Nb6 20. Nd2 Qe7 21. Rf3 Kh7 22. Nh5 Bxh5 23. Qxh5 Qf7 24. Qh4 Rh8 25. Rg3 Kg8 26. Rg6 Kf8 27. Rf1 Ke7 28. Rf3 Rag8 29. Rfg3 Rh7 30. c3 bxc3 31. Rxc3 Rb8 32. Qh5 Rhh8 33. Qe2 Rhg8 34. Qa6 Qe8 35. Rcg3 Qf7 36. Qa7+ Nd7 37. Nc4 Ra8 38. Qc7 Ra6 39. Nxa5 Raa8 40. Nc6+ Ke8 41. Qb7 1-0

[Event "Ceske Budejovice op-B"]
[Site "Ceske Budejovice"]
[Date "2022.07.05"]
[Round "5"]
[White "Fousek, Petr"]
[Black "Slajs, Vlastimil"]
[Result "1-0"]
[WhiteElo "1336"]
[BlackElo "1726"]
[PlyCount "89"]
[EventDate "2022.07.01"]
[EventType "swiss"]
[EventRounds "9"]
[EventCountry "CZE"]
[SourceTitle "EXT 2023"]
[Source "ChessBase"]
[SourceDate "2022.10.05"]
[SourceVersion "1"]
[SourceVersionDate "2022.10.05"]
[SourceQuality "1"]

1. e4 e5 2. f4 exf4 3. Nf3 d5 4. exd5 Nf6 5. c4 c6 6. d4 cxd5 7. c5 Be7 8. Bd3 0-0 9. 0-0 Nc6 10. a3 a5 11. Nc3 b6 12. cxb6 Qxb6 13. Kh1 Bg4 14. Bxf4 Rfe8 15. Bb5 Red8 16. Qd3 g6 17. Ne5 Bf5 18. Qd2 Nxe5 19. Bxe5 Ne4 20. Nxe4 Bxe4 21. a4 Rac8 22. Qf4 Qe6 23. Rf2 Rc2 24. Rxc2 Bxc2 25. Rf1 Be4 26. Bc7 Rf8 27. Bxa5 f5 28. Bc3 Rc8 29. Ra1 Bd8 30. a5 Bc7 31. Qh4 Bb8 32. a6 Ba7 33. Qh3 Rb8 34. Bf1 Rc8 35. Ra5 Bc2 36. Qg3 Bb8 37. Qe1 Qxe1 38. Bxe1 Ba7 39. Rxd5 Bb3 40. Rd7 Ra8 41. Bc3 Ba4 42. Bc4+ Kf8 43. Rxh7 Bc6 44. Kg1 g5 45. Rf7+ 1-0

[Event "Ceske Budejovice op-B"]
[Site "Ceske Budejovice"]
[Date "2022.07.02"]
[Round "2"]
[White "Slajs, Vlastimil"]
[Black "Barta, David"]
[Result "1-0"]
[WhiteElo "1726"]
[BlackElo "1439"]
[PlyCount "80"]
[EventDate "2022.07.01"]
[EventType "swiss"]
[EventRounds "9"]
[EventCountry "CZE"]
[SourceTitle "EXT 2023"]
[Source "ChessBase"]
[SourceDate "2022.10.05"]
[SourceVersion "1"]
[SourceVersionDate "2022.10.05"]
[SourceQuality "1"]

1. d4 d5 2. Nf3 Bf5 3. Bf4 Nd7 4. e3 e6 5. Be2 h5 6. c4 Bb4+ 7. Nc3 dxc4 8. 0-0 Bxc3 9. bxc3 b5 10. a4 c6 11. Ne5 Nxe5 12. Bxe5 f6 13. Bxh5+ g6 14. Bf3 fxe5 15. Bxc6+ Ke7 16. Bxa8 Qxa8 17. axb5 Qb8 18. f4 exf4 19. exf4 Nf6 20. Qa4 Bd3 21. Qxa7+ Qxa7 22. Rxa7+ Kd6 23. Rfa1 Rb8 24. R1a6+ Kd5 25. b6 Kc6 26. b7+ Kc7 27. Rxe6 Nd5 28. g3 Rxb7 29. Rxb7+ Kxb7 30. Kf2 Nxc3 31. Ke3 Nd5+ 32. Kd2 Bf5 33. Re5 c3+ 34. Kc1 Kc6 35. h4 Kd6 36. h5 Nb4 37. Rxf5 Nd3+ 38. Kc2 Nb4+ 39. Kxc3 gxf5 40. Kxb4 Kd5 1-0

[Event "Tabor op"]
[Site "Tabor"]
[Date "2013.07.31"]
[Round "5"]
[White "Slajs, Vlastimil"]
[Black "Wimmer, Miroslav"]
[Result "1/2-1/2"]
[WhiteElo "1911"]
[BlackElo "2127"]
[PlyCount "53"]
[EventDate "2013.07.28"]
[EventType "swiss"]
[EventRounds "9"]
[EventCountry "CZE"]
[SourceTitle "CBM 155 Extra"]
[Source "ChessBase"]
[SourceDate "2013.08.26"]
[SourceVersion "1"]
[SourceVersionDate "2013.08.26"]
[SourceQuality "1"]

1. d4 e6 2. c4 Bb4+ 3. Bd2 a5 4. a3 Bxd2+ 5. Qxd2 d6 6. Nf3 Nc6 7. Nc3 Nf6 8. e3 0-0 9. Be2 e5 10. dxe5 Nxe5 11. Rd1 Qe7 12. 0-0 Bg4 13. Nxe5 Qxe5 14. h3 Bxe2 15. Qxe2 c6 16. Rd2 Ne8 17. Qd3 f5 18. Qd4 Qe6 19. e4 f4 20. f3 Rf6 21. Re1 Rg6 22. Kh1 Rg5 23. Rde2 Re5 24. b3 Nf6 25. Rd1 Rd8 26. Red2 g5 27. b4 1/2-1/2

[Event "CZE-chT2C 1213"]
[Site "Czech Republic"]
[Date "2013.01.20"]
[Round "7.7"]
[White "Slajs, Vlastimil"]
[Black "Pycha, Patrik"]
[Result "1/2-1/2"]
[WhiteElo "1920"]
[BlackElo "1946"]
[PlyCount "64"]
[EventDate "2012.10.14"]
[EventType "team-tourn"]
[EventRounds "11"]
[EventCountry "CZE"]
[SourceTitle "EXT 2015"]
[Source "ChessBase"]
[SourceDate "2014.11.20"]
[SourceVersion "1"]
[SourceVersionDate "2014.11.20"]
[SourceQuality "1"]
[WhiteTeam "Tabor II"]
[BlackTeam "Vlasim"]
[WhiteTeamCountry "CZE"]
[BlackTeamCountry "CZE"]

1. d4 d5 2. c4 e6 3. Nf3 Nf6 4. Nc3 Be7 5. Bg5 0-0 6. e3 h6 7. Bh4 b6 8. Rc1 Bb7 9. Bd3 Nbd7 10. 0-0 c5 11. Qe2 dxc4 12. Bxc4 Ne4 13. Bxe7 Qxe7 14. Rfd1 Rfd8 15. Nxe4 Bxe4 16. dxc5 Nxc5 17. b4 Nd7 18. a3 Bxf3 19. gxf3 Ne5 20. Ba6 Rxd1+ 21. Rxd1 Rd8 22. f4 Ng6 23. Rd3 e5 24. Rxd8+ Qxd8 25. fxe5 Qg5+ 26. Kh1 Qxe5 27. Qd3 Qa1+ 28. Kg2 Nh4+ 29. Kg3 Qf6 30. f4 Nf5+ 31. Kf3 Nh4+ 32. Kg3 Nf5+ 1/2-1/2

[Event "Tabor op"]
[Site "Tabor"]
[Date "2012.08.03"]
[Round "7"]
[White "Zilavy, Jan"]
[Black "Slajs, Vlastimil"]
[Result "1/2-1/2"]
[WhiteElo "1657"]
[BlackElo "1947"]
[PlyCount "77"]
[EventDate "2012.07.29"]
[EventType "swiss"]
[EventRounds "9"]
[EventCountry "CZE"]
[SourceTitle "EXT 2013"]
[Source "ChessBase"]
[SourceDate "2012.11.22"]
[SourceVersion "1"]
[SourceVersionDate "2012.11.22"]
[SourceQuality "1"]

1. e4 e5 2. Nc3 Nc6 3. Bc4 Nf6 4. d3 Be7 5. f4 d6 6. f5 Na5 7. Bb3 Nxb3 8. axb3 d5 9. Nf3 dxe4 10. dxe4 Qxd1+ 11. Kxd1 Bd6 12. Ke2 Bd7 13. Bg5 Bc6 14. Bxf6 gxf6 15. g4 Rg8 16. h3 a6 17. Rad1 0-0-0 18. Rhg1 Bc5 19. Rxd8+ Kxd8 20. Rd1+ Ke7 21. Nd5+ Bxd5 22. Rxd5 Bb6 23. g5 c6 24. Rd2 Rd8 25. Rxd8 Bxd8 26. gxf6+ Kxf6 27. Kd3 b5 28. Kc3 a5 29. Kd3 Bc7 30. c3 Bd6 31. Kd2 Bf8 32. Kd3 Bh6 33. Kc2 Bf4 34. Kd1 Ke7 35. Kc2 Kd6 36. b4 axb4 37. cxb4 c5 38. b3 cxb4 39. Kd3 1/2-1/2

[Event "Tabor op"]
[Site "Tabor"]
[Date "2011.08.04"]
[Round "6"]
[White "Prochazka, Pavel"]
[Black "Slajs, Vlastimil"]
[Result "0-1"]
[WhiteElo "1792"]
[BlackElo "1973"]
[PlyCount "40"]
[EventDate "2011.07.31"]
[EventType "swiss"]
[EventRounds "9"]
[EventCountry "CZE"]
[SourceTitle "CBM 143 Extra"]
[Source "ChessBase"]
[SourceDate "2011.08.29"]
[SourceVersion "1"]
[SourceVersionDate "2011.08.29"]
[SourceQuality "1"]

1. d4 c5 2. e3 Nf6 3. Nf3 d5 4. g3 Bf5 5. b3 e6 6. Nh4 Bg4 7. f3 Bh5 8. Ng2 Be7 9. Nf4 Bg6 10. Bg2 cxd4 11. Nxg6 hxg6 12. exd4 Nc6 13. Bb2 Qc7 14. Qd2 Rxh2 15. Qf2 Rxh1+ 16. Bxh1 Bd6 17. f4 g5 18. Bc1 0-0-0 19. Na3 Bxa3 20. Bxa3 Qa5+ 0-1

[Event "Tabor op"]
[Site "Tabor"]
[Date "2010.08.02"]
[Round "2"]
[White "Groh, Jiri"]
[Black "Slajs, Vlastimil"]
[Result "1-0"]
[WhiteElo "2134"]
[BlackElo "1985"]
[PlyCount "87"]
[EventDate "2010.08.01"]
[EventType "swiss"]
[EventRounds "9"]
[EventCountry "CZE"]
[SourceTitle "EXT 2012"]
[Source "ChessBase"]
[SourceDate "2011.11.24"]
[SourceVersion "1"]
[SourceVersionDate "2011.11.24"]
[SourceQuality "1"]

1. c4 Nf6 2. Nf3 c5 3. g3 d5 4. Bg2 d4 5. b4 e6 6. Bb2 Nbd7 7. bxc5 Bxc5 8. Bxd4 Bxd4 9. Nxd4 Nb6 10. Nf3 0-0 11. d3 e5 12. Nfd2 Qe7 13. Nc3 Be6 14. 0-0 Rfd8 15. Rb1 Rd7 16. Rb5 Rad8 17. Rxe5 Qd6 18. Rb5 Nxc4 19. Nde4 Nxe4 20. Nxe4 Qa6 21. Rg5 h6 22. Nf6+ Kh8 23. Nxd7 hxg5 24. Nc5 Qxa2 25. Nxb7 Rd7 26. Nc5 Rd8 27. Nxe6 fxe6 28. Qc1 Nb6 29. Qxg5 Rc8 30. Qh5+ Kg8 31. Be4 Qb2 32. h4 Nd7 33. Qg6 Nf6 34. Bf3 a5 35. h5 a4 36. h6 Rc7 37. d4 Qxd4 38. Rb1 Qd8 39. Rb6 a3 40. Ra6 Qf8 41. Kg2 Kh8 42. Ra8 Qxa8 43. Bxa8 a2 44. hxg7+ 1-0

[Event "Tabor op"]
[Site "Tabor"]
[Date "2009.08.03"]
[Round "2"]
[White "Slajs, Vlastimil"]
[Black "Lacina, Adolf"]
[Result "1-0"]
[WhiteElo "1969"]
[BlackElo "2193"]
[PlyCount "43"]
[EventDate "2009.08.02"]
[EventType "swiss"]
[EventRounds "9"]
[EventCountry "CZE"]
[SourceTitle "CBM 131 Extra"]
[Source "ChessBase"]
[SourceDate "2009.09.03"]
[SourceVersion "2"]
[SourceVersionDate "2009.09.16"]
[SourceQuality "1"]

1. d4 d5 2. Nf3 e6 3. Bf4 Nf6 4. e3 Be7 5. Bd3 0-0 6. Nbd2 c5 7. c3 b6 8. Ne5 Qe8 9. Qe2 Bb7 10. 0-0 Nbd7 11. Ndf3 c4 12. Bc2 b5 13. Nxd7 Qxd7 14. Ne5 Qc8 15. g4 Ne4 16. f3 Nd6 17. g5 f6 18. gxf6 gxf6 19. Qg2+ Kh8 20. Qh3 Rg8+ 21. Kh1 Nf5 22. Rg1 1-0

[Event "Tabor op"]
[Site "Tabor"]
[Date "2008.07.29"]
[Round "4"]
[White "Kuciel, Wladyslaw"]
[Black "Slajs, Vlastimil"]
[Result "1-0"]
[WhiteElo "2129"]
[BlackElo "2009"]
[PlyCount "57"]
[EventDate "2008.07.26"]
[EventType "swiss"]
[EventRounds "9"]
[EventCountry "CZE"]
[SourceTitle "CBM 125 Extra"]
[Source "ChessBase"]
[SourceDate "2008.09.01"]
[SourceVersion "1"]
[SourceVersionDate "2008.09.01"]
[SourceQuality "1"]

1. Nf3 Nf6 2. c4 c5 3. Nc3 Nc6 4. g3 d5 5. cxd5 Nxd5 6. Nxd5 Qxd5 7. Bg2 e5 8. d3 Be7 9. 0-0 0-0 10. Be3 Qd6 11. Rc1 Nd4 12. Nxd4 cxd4 13. Bd2 Be6 14. Qa4 Bd5 15. Bxd5 Qxd5 16. Rc7 Bd6 17. Rd7 Rfd8 18. Qxa7 Rxd7 19. Qxa8+ Bf8 20. Rc1 Rd8 21. Rc8 Rxc8 22. Qxc8 Qc5 23. Qxb7 f5 24. Qb3+ Kh8 25. Qc4 Qe7 26. b4 g5 27. b5 f4 28. b6 fxg3 29. hxg3 1-0

[Event "Cesky Krumlov op 1st"]
[Site "Cesky Krumlov"]
[Date "2007.10.18"]
[Round "7"]
[White "Slajs, Vlastimil"]
[Black "Voelz, Michael"]
[Result "1-0"]
[WhiteElo "2008"]
[BlackElo "1769"]
[PlyCount "51"]
[EventDate "2007.10.13"]
[EventType "swiss"]
[EventRounds "9"]
[EventCountry "CZE"]
[SourceTitle "EXT 2008"]
[Source "ChessBase"]
[SourceDate "2007.11.25"]
[SourceVersion "1"]
[SourceVersionDate "2007.11.25"]
[SourceQuality "1"]

1. d4 d5 2. c4 e6 3. Nc3 Nf6 4. Bg5 Nbd7 5. e3 c6 6. Nf3 Qa5 7. cxd5 exd5 8. Bd3 Ne4 9. Qc2 Ndf6 10. Bxf6 Nxf6 11. 0-0 Bd6 12. h3 0-0 13. Ne5 c5 14. f4 c4 15. Be2 b5 16. a3 b4 17. axb4 Qxb4 18. Bf3 Bb7 19. Ra4 Qb6 20. Rfa1 Bb4 21. g4 Rfd8 22. g5 Ne8 23. Qg2 Nc7 24. f5 f6 25. gxf6 Qxf6 26. Rxb4 1-0

[Event "Marianske Lazne op"]
[Site "Marianske Lazne"]
[Date "2007.01.21"]
[Round "2"]
[White "Bartos, Jan"]
[Black "Slajs, Vlastimil"]
[Result "1/2-1/2"]
[WhiteElo "2221"]
[BlackElo "2043"]
[PlyCount "45"]
[EventDate "2007.01.20"]
[EventType "swiss"]
[EventRounds "9"]
[EventCountry "CZE"]
[SourceTitle "EXT 2008"]
[Source "ChessBase"]
[SourceDate "2007.11.25"]
[SourceVersion "1"]
[SourceVersionDate "2007.11.25"]
[SourceQuality "1"]

1. d4 c5 2. d5 e5 3. e4 d6 4. Nc3 Be7 5. Bb5+ Nd7 6. Nf3 a6 7. Be2 b5 8. a4 b4 9. Nb1 Ngf6 10. Nbd2 a5 11. 0-0 0-0 12. Bd3 Nb6 13. Re1 h6 14. Nc4 Nxc4 15. Bxc4 Nh7 16. h3 Ng5 17. Nh2 f5 18. exf5 Bxf5 19. Bd3 Qd7 20. Bxf5 Qxf5 21. Be3 Nh7 22. c4 Bg5 23. Qd2 1/2-1/2

[Event "Tabor op"]
[Site "Tabor"]
[Date "2005.08.06"]
[Round "9"]
[White "Slajs, Vlastimil"]
[Black "Peniska, Pavel"]
[Result "1-0"]
[WhiteElo "2062"]
[BlackElo "2044"]
[PlyCount "83"]
[EventDate "2005.07.30"]
[EventType "swiss"]
[EventRounds "9"]
[EventCountry "CZE"]
[SourceTitle "EXT 2006"]
[Source "ChessBase"]
[SourceDate "2005.11.24"]
[SourceVersion "1"]
[SourceVersionDate "2005.11.24"]
[SourceQuality "1"]

1. d4 Nf6 2. c4 g6 3. Nc3 d5 4. cxd5 Nxd5 5. e4 Nxc3 6. bxc3 Bg7 7. Nf3 c5 8. Rb1 0-0 9. Be2 Nc6 10. d5 Ne5 11. Nxe5 Bxe5 12. Qd2 Qa5 13. Rb3 Bd7 14. f4 Bg7 15. 0-0 b5 16. c4 Qxd2 17. Bxd2 Bd4+ 18. Be3 Bxe3+ 19. Rxe3 b4 20. e5 a5 21. Bd1 a4 22. Bc2 Ra6 23. h3 Rb8 24. g4 Rab6 25. Rb1 Kg7 26. Kf2 Rh8 27. f5 g5 28. h4 h5 29. hxg5 hxg4 30. f6+ Kf8 31. Kg2 Rh5 32. Rh1 Rxh1 33. Kxh1 e6 34. d6 Bc6+ 35. Kh2 Ke8 36. Kg3 b3 37. axb3 a3 38. Re1 Bf3 39. g6 fxg6 40. Bxg6+ Kd7 41. Rg1 Rxb3 42. f7 1-0

[Event "Tabor op"]
[Site "Tabor"]
[Date "2005.08.??"]
[Round "6"]
[White "Marhoun, Vaclav"]
[Black "Slajs, Vlastimil"]
[Result "0-1"]
[WhiteElo "1768"]
[BlackElo "2070"]
[PlyCount "100"]
[EventDate "2005.07.30"]
[EventType "swiss"]
[EventRounds "9"]
[EventCountry "CZE"]
[SourceTitle "EXT 2006"]
[Source "ChessBase"]
[SourceDate "2005.11.24"]
[SourceVersion "1"]
[SourceVersionDate "2005.11.24"]
[SourceQuality "1"]

1. c4 Nf6 2. Nc3 c5 3. Nf3 d5 4. cxd5 Nxd5 5. e3 e6 6. g3 Be7 7. Bg2 0-0 8. 0-0 Nc6 9. a3 b6 10. Nxd5 exd5 11. d4 Be6 12. Qe2 Qc7 13. Rd1 Rac8 14. Bd2 Rfd8 15. Rac1 c4 16. Ne1 b5 17. Nc2 a5 18. f4 Qd7 19. Bf3 b4 20. g4 f5 21. g5 Rb8 22. Rb1 Rb7 23. axb4 axb4 24. Ra1 Ra7 25. Rxa7 Qxa7 26. Ra1 Qb7 27. Qe1 b3 28. Na3 Ra8 29. Qb1 Bxa3 30. bxa3 Ra4 31. Bc3 Na7 32. Qc1 Nb5 33. Bb2 Qc6 34. Be2 Bf7 35. Kf2 Qe8 36. Qd2 Bh5 37. Bf1 Nd6 38. Bg2 Qf7 39. Rf1 Bg4 40. h3 Bxh3 41. Rh1 Bxg2 42. Kxg2 Nb5 43. Ra1 Qe7 44. Kf2 Nd6 45. Ke2 Qe4 46. Kf2 Qe8 47. Kg2 Ne4 48. Qe1 Qh5 49. Rc1 Qg4+ 50. Kh2 Ra6 0-1

[Event "Klatovy op-A"]
[Site "Klatovy"]
[Date "2005.07.10"]
[Round "9"]
[White "Slajs, Vlastimil"]
[Black "Hacaperkova, Lenka"]
[Result "1/2-1/2"]
[WhiteElo "2062"]
[BlackElo "1967"]
[PlyCount "43"]
[EventDate "2005.07.02"]
[EventType "swiss"]
[EventRounds "9"]
[EventCountry "CZE"]
[SourceTitle "CBM 107 Extra"]
[Source "ChessBase"]
[SourceDate "2005.09.01"]
[SourceVersion "1"]
[SourceVersionDate "2005.09.01"]
[SourceQuality "1"]

1. d4 d5 2. c4 e6 3. Nc3 Nf6 4. Bg5 Be7 5. e3 h6 6. Bh4 0-0 7. Nf3 b6 8. Be2 Bb7 9. Bxf6 Bxf6 10. cxd5 exd5 11. b4 c6 12. 0-0 a5 13. a3 Nd7 14. Qb3 axb4 15. axb4 b5 16. Rfc1 Qe7 17. Ne1 Nb6 18. Nd3 Nc4 19. Nc5 Rxa1 20. Rxa1 Bc8 21. Qc2 g5 22. Qd3 1/2-1/2

[Event "Klatovy op-A"]
[Site "Klatovy"]
[Date "2005.07.09"]
[Round "8"]
[White "Slajs, Vlastimil"]
[Black "Rmoutil, Martin"]
[Result "0-1"]
[WhiteElo "2062"]
[BlackElo "2005"]
[PlyCount "92"]
[EventDate "2005.07.02"]
[EventType "swiss"]
[EventRounds "9"]
[EventCountry "CZE"]
[SourceTitle "CBM 107 Extra"]
[Source "ChessBase"]
[SourceDate "2005.09.01"]
[SourceVersion "1"]
[SourceVersionDate "2005.09.01"]
[SourceQuality "1"]

1. d4 Nf6 2. c4 e6 3. Nc3 d5 4. Bg5 Be7 5. e3 0-0 6. Nf3 c6 7. Bd3 Nbd7 8. 0-0 Re8 9. Rc1 dxc4 10. Bxc4 Nd5 11. Bxe7 Qxe7 12. Ne5 Qf6 13. Ne4 Qe7 14. Qe2 N5f6 15. Ng5 h6 16. Ngxf7 Nb6 17. Bd3 Qc7 18. Qf3 Rf8 19. Bg6 Bd7 20. Nxh6+ gxh6 21. Qg3 Nbd5 22. Bf7+ Kh8 23. Ng6+ Kg7 24. Ne5+ Kh8 25. Qg6 Ne7 26. Qxh6+ Nh7 27. Bg8 Kxg8 28. f4 Rf6 29. Qh4 Be8 30. Rf3 Nf5 31. Qf2 Qg7 32. e4 Nd6 33. Re1 Bg6 34. Rg3 Raf8 35. Rg4 Rd8 36. h4 Qh6 37. Re3 Kh8 38. Qf3 Bh5 39. Qg3 Bxg4 40. Nxg4 Qxf4 41. Nxf6 Qxg3 42. Rxg3 Nxf6 43. e5 Nf5 44. Rg6 Ng8 45. h5 Rxd4 46. g4 Nfh6 0-1